Представление документа в формате RUSMARC

ПолеНазваниеЗначение
  Тип записи a
  Библиографический уровень a
001 Контрольный номер RU/CBS_UL/BASE/537586be8cee4972a6b1240a6284d65c
005 Дата корректировки 20260204161955.9
100 Данные общей обработки __
a Данные общей обработки 20260204 ||| 0rusy0189 ca
101 Язык документа 0_
a Язык текста rus
102 Страна публикации __
a Страна публикации RU
200 Заглавие и сведения об ответственности 1_
a Заглавие "Благороднейшее существо"
e Сведения, относящиеся к заглавию [о том, как Варфоломей Кикин стал Петром, генералом и остряком]
f Первые сведения об ответственности Ю. Козлов
300 Общие примечания __
a Общие примечания Прил. - с. 4. - (Аргументы и факты в Ульяновске)
300 Общие примечания __
a Общие примечания 16+
461 Уровень набора _0
1 2000
a Аргументы и факты
463 Уровень физической единицы _0
1 2000
a № 3 (21-27 янв.)
1 2101
d 2026
1 001RU/CBS_UL/BASE/ca0691b9568c49bcacfef3274f4ca826
600 Персоналии _1
a Персоналии (Фамилия) Кикин
b Персоналии (Имя, инициалы) П.А.
606 Тематические рубрики 0_
a Основная рубрика Кикин, Пётр Андреевич (1775 -1834)
y Географическая подрубрика Симбирская губерния
610 Ключевые слова 0_
a Ключевые слова деятели военный, государственные деятели Российской империи, генерал-майоры, тайные советники, род Кикиных, уроженцы Симбирской губернии
686 Индексы других классификаций __
2 Код системы rubbk
a Классификационный индекс 63.3(2)5-8
700 Автор _1
a Фамилия Козлов
b Имя (инициалы) Ю.
801 Источник записи _0
a Страна RU
b Организация МБУК ЦБС г. Ульяновска
c Дата составления 20260204
g Правила каталогизации RCR
801 Источник записи _1
a Страна RU
b Организация МБУК ЦБС г. Ульяновска
c Дата составления 20260204
g Правила каталогизации RCR
901 Тип документа __
t Тип документа f
w Контрольный № источника RU/CBS_UL/BASE/ca0691b9568c49bcacfef3274f4ca826
909 Создатель записи __
a Создатель записи lib1